| 000 | 00507nam a2200157Ia 4500 | ||
|---|---|---|---|
| 008 | 160316s1990 xxu||||| |||| 00| 0 eng d | ||
| 082 |
_a341.762000 _bKHA |
||
| 100 | _aKhanna Gopeshnath | ||
| 245 | _aEnvironment problems and the United Nations | ||
| 250 | _a | ||
| 260 |
_aNew Delhi _bAshish Publishing House _c1990 |
||
| 300 |
_a204p _b _cvii |
||
| 365 | _bRs.200 | ||
| 650 | _a1.International Environmental Problems - United Nations 2.Global Environmental Problems - United Nation's Role | ||
| 700 |
_a _a |
||
| 999 |
_c13401 _d13401 |
||